01093na a2200325 450000100060000000300080000600500170001400800410003103500100007204000250008204100080010708200260011509000190014111000520016024500490021226000410026130000180030244000500032050000620037061000360043261000280046861000300049665000220052665700270054865700250057583000190060094200130061995201200063299900150075220799MIRAKIL20181213155149.0170127b tu 000 0  a20799 aMilasbturcTR-AnCHP atur aCHP 333.79bC36c 2014 aBROŞÜR 199 aCumhuriyet Halk Partisi (CHP)bEnerji Komisyonu aCHP enerji politikasıcCHP Enerji Komisyonu aAnkarabCHP Enerji Komşsyonuc2014 a66 s.c21 sm. aCumhuriyet Halk Partisi yayınlarıpRaporlar aDış kapakta başka yapıt adı : "CHP'de enerji var!" aCHPbEnerji KomisyonuxRaporlar aCHPxProgramlaryEnerji aCHPxEnerji politikaları aEnerjizTürkiye aCHP enerji politikası aCHP enerji programı aCHP raporları 2dcccBKS 51a0001b0001d2017-01-27e2f BROŞÜRLERl0oBROŞÜR 199p013082r2017-01-27 00:00:00tk.12w2017-01-27yBKS c7800d7800